Les villes vallées massifs et Montagnes des Alpes françaises - Statistiques

Statistiques générales
  • Ce quiz a été pris 142 fois
  • Le résultat moyen est 10 sur 39
Statistiques - réponses
Indices Massifs % Correct
M B Mont Blanc
83%
V Vercors
70%
E Ecrins
69%
C Chartreuse
62%
V Vanoise
62%
A Aravis
61%
B Bauges
57%
B Belledonne
53%
M Maurienne
48%
M Mercantour
46%
T Tarentaise
46%
B Beaufortain
44%
C Chablais
33%
M V Mont Ventoux
33%
D Dévoluy
31%
U Ubaye
31%
G R Grandes Rousses
27%
B Bornes
25%
C Cerces
21%
G Giffre
21%
T Taillefer
21%
L Lauzière
18%
M P Mont Pourri
17%
M T Mont Thabor
15%
P Parpaillon
14%
TE Trois-Evéchés
12%
M Meije
8%
B Bochaine
7%
A-V Arvan-Villards
2%
B Blanche
2%
M Monges
2%
A Audibergue
1%
A Autanes
1%
B Beauregard
1%
B Brasses
1%
C Cheiron
1%
D Dormillouse
1%
GS Grande Séolane
1%
H-H Habères-Hirmentaz
1%
Aucun quiz correspondant
Distribution des résultats
% des personnes avec chaque résultat
Percentile par nombre de réponses
Votre historique - résultats
Vous n’avez pas pris ce quiz